000 00597nam a2200229Ia 4500
003 OSt
005 20220918214201.0
006 a|||||r|||| 00| 0
007 ta
008 220917b |||||||| |||| 00| 0 eng d
024 _a136,179
037 _cTextual
040 _aARTS
_cARTS
_beng
041 _2eng
_aeng
082 _aX9:9.1N48.N5, K0 (906)
100 _aMarsh John
_9130099
245 0 _aPaterns in work relations
260 _aNA
_bNA
_c1960
650 _aECONOMICS
942 _hX9:9.1N48.N5, K0 (906)
_cTEXL
_2CC
999 _c259269
_d259269